000 00809nam0a22002531 4500
001 rc\2779065
005 20250806205259.0
035 _a(NLR Aleph) 006905316
090 _a33037
_c33037
100 _a20110915d1942 u y0rusy50 ca
101 0 _arus
102 _aRU
105 _aab z |||||
200 1 _aСоединенные Штаты Америки и их ресурсы в борьбе с фашизмом
_fГ. И. Иваненко
210 _aКиров
_cОбл. изд-во
_d1942
215 _a48 с.
_cтабл., карт.
_d17 см.
700 1 _aИваненко
_bГ.И.
801 0 _aRU
_bNLR
_gpsbo
801 1 _aRU
_bELAR
_2rusmarc
852 _aNLR
_jИ96 Г-2/4
942 _cBOOK
945 _aРоссийская национальная библиотека
980 _aNB
980 _aBV